000 00441cam a2200181ua 4500
020 _c20.00
041 _aeng
_h
082 _a630.301
_bPRU/ SP
100 _aPruthi, J S .
245 _aSpices and condiments /
_cJ S Pruthi.
_hTextual Documents
250 _a1 /
_b.
260 _aNewDelhi :
_bNational Book Trust , India ,
_c1979.
300 _a166 ; .
365 _a20.00
504 _a
942 _cBK
999 _c2193
_d2193